[Event "1st Central Asia Cup"]
[Site "Tashkent UZB"]
[Date "2011.10.18"]
[Round "1.1"]
[White "Kasimdzhanov,R"]
[Black "Tillyaev,U"]
[Result "1-0"]
[WhiteElo "2678"]
[BlackElo "2272"]

1.d4 Nf6 2.c4 e6 3.Nc3 Bb4 4.Nf3 O-O 5.Bg5 h6 6.Bh4 c5 7.e3 Qa5 8.Bxf6 gxf6
9.Qd2 d6 10.Bd3 Nc6 11.O-O Bd7 12.Rac1 Qd8 13.Rfd1 Qe7 14.a3 Ba5 15.Bf1 Rad8
16.Qc2 f5 17.g3 a6 18.Bg2 Qf6 19.d5 Ne5 20.dxe6 Bxe6 21.Nd5 Bxd5 22.Rxd5 Nxf3+
23.Bxf3 b5 24.Rxf5 Qg7 25.cxb5 axb5 26.b4 Bb6 27.Qe2 Rb8 28.Rd1 cxb4 29.axb4 Bc7
30.Rc1 Bd8 31.Kg2 Kh8 32.Rc6 Rb6 33.Rxb6 Bxb6 34.Qxb5 Bd8 35.Qd7 Bg5 36.b5 Rd8
37.Qxf7  1-0

[Event "26th Reinis Open"]
[Site "Spijkenisse NED"]
[Date "2011.10.22"]
[Round "7.3"]
[White "L'Ami,E"]
[Black "Ikonnikov,Vy"]
[Result "1-0"]
[WhiteElo "2592"]
[BlackElo "2550"]

1.d4 Nf6 2.c4 e6 3.Nc3 Bb4 4.Nf3 d6 5.g3 c5 6.dxc5 dxc5 7.Qxd8+ Kxd8 8.Bd2 Nc6
9.Bg2 Ke7 10.O-O-O Bd7 11.Ne1 Nd4 12.e3 Bxc3 13.Bxc3 Ne2+ 14.Kd2 Nxc3 15.Kxc3 Rab8
16.Nd3 Rhc8 17.Ne5 Be8 18.Rd2 Rd8 19.Rhd1 Rxd2 20.Rxd2 Nd7 21.Nd3 b6 22.a3 Rc8
23.b4 cxb4+ 24.axb4 f6 25.Ra2 Rc7 26.b5 Ne5 27.Nxe5 fxe5 28.Kb4 Bg6 29.Ra3 h6
30.Bc6 Be8 31.Be4 Kd6 32.Ra2 Ke7 33.h4 Kd6 34.f4 exf4 35.gxf4 Ke7 36.Ba8 e5
37.f5 Kf6 38.e4 g6 39.fxg6 Kxg6 40.Rf2 Kh5 41.Rf5+ Kxh4 42.Rxe5 Bg6 43.c5 bxc5+
44.Rxc5 Re7 45.Rc4 Kg5 46.Kc5 Bf7 47.Rc1 Kf6 48.Rf1+ Kg7 49.Bd5 Bg6 50.Kd6 Re8
51.Rg1 Rd8+ 52.Kc7 Re8 53.Bc6 Re6 54.Kd7 Re5 55.Kd6 Rg5 56.Ra1 h5 57.Rxa7+  1-0

[Event "1st Central Asia Cup"]
[Site "Tashkent UZB"]
[Date "2011.10.22"]
[Round "5.1"]
[White "Kasimdzhanov,R"]
[Black "Filippov,An UZB"]
[Result "1/2-1/2"]
[WhiteElo "2678"]
[BlackElo "2606"]

1.d4 Nf6 2.c4 e6 3.Nc3 Bb4 4.Nf3 b6 5.e3 O-O 6.Bd3 Bb7 7.O-O c5 8.Na4 cxd4
9.exd4 Re8 10.a3 Bf8 11.b4 d6 12.Bb2 b5 13.cxb5 Nbd7 14.Re1 Nd5 15.Rc1 h6
16.Nc3 N7b6 17.Nxd5 Nxd5 18.Bf1 Qf6 19.Nd2 Qg6 20.g3 Be7 21.Nc4 Nf4 22.Na5 Bd5
23.Rc3 f5 24.Nc6 Nh5 25.Bc1 Nf6 26.f3 Qf7 27.Qc2 Bf8 28.a4 g5 29.Bg2 Bg7
30.Na5 Rad8 31.Nc6 Rd7 32.a5 Rb7 33.b6 axb6 34.a6 Rc7 35.b5 Rec8 36.Bb2 f4
37.Rc1 Ne8 38.Qd2 Bxc6 39.Rxc6 Qf5 40.Bf1 Rxc6 41.bxc6 fxg3 42.hxg3  1/2-1/2

[Event "World Youth U16 Ol"]
[Site "Kocaeli TUR"]
[Date "2011.10.25"]
[Round "3.7"]
[White "Guney,Gamze Nur"]
[Black "Ahmed,Fareed"]
[Result "1-0"]
[WhiteElo "1709"]
[BlackElo "1711"]

1.d4 Nf6 2.c4 e6 3.Nf3 Bb4+ 4.Nc3 c5 5.a3 Bxc3+ 6.bxc3 d6 7.Qc2 Nc6 8.e3 e5
9.Be2 O-O 10.O-O b6 11.Rd1 Qe7 12.d5 Na5 13.e4 Ba6 14.Nd2 Ne8 15.Bd3 g6 16.Nf1 Bxc4
17.Bxc4 Nxc4 18.Bh6 Ng7 19.Qe2 Na5 20.Rd3 c4 21.Rh3 Nb3 22.Re1 b5 23.Qe3 f6
24.f4 Nc5 25.f5 g5 26.Rg3 Rf7 27.h4 Nh5 28.Rg4 Nd3 29.Rb1 Kh8 30.hxg5 fxg5
31.Bxg5 Qd7 32.Ng3 Nhf4 33.Ne2 Rg8 34.Nxf4 Nxf4 35.Qf3 h5 36.Rg3 Qe7 37.Bxf4 exf4
38.Qxh5+ Rh7 39.Rxg8+ Kxg8 40.Qg6+ Rg7 41.Qe6+ Qxe6 42.dxe6 a6 43.Kf2 Kf8
44.a4 Rg3 45.axb5 axb5 46.Rxb5 Rxc3 47.f6 Rb3 48.Rh5 Rb2+ 49.Kf3  1-0

[Event "5th SPICE Cup GpA"]
[Site "Lubbock USA"]
[Date "2011.10.25"]
[Round "10"]
[White "Feller,S"]
[Black "Meier,Geo"]
[Result "1/2-1/2"]
[WhiteElo "2668"]
[BlackElo "2648"]

1.d4 Nf6 2.c4 e6 3.Nc3 Bb4 4.Nf3 c5 5.g3 Nc6 6.Bg2 Ne4 7.Bd2 Nxd2 8.Qxd2 cxd4
9.Nxd4 Qb6 10.e3 Ne5 11.b3 Qa5 12.Rc1 O-O 13.O-O Rd8 14.Qc2 Ba3 15.Rcd1 a6
16.Ne4 d5 17.Ng5 Ng6 18.cxd5 exd5 19.Qe2 Qc7 20.Qh5 h6 21.Nge6 fxe6 22.Qxg6 Qf7
23.Qxf7+ Kxf7 24.e4 dxe4 25.Bxe4 Rb8 26.Nf3 Bd7 27.Ne5+ Ke7  1/2-1/2

[Event "1st Central Asia Cup"]
[Site "Tashkent UZB"]
[Date "2011.10.25"]
[Round "8.9"]
[White "Vakhidov,J"]
[Black "Khoroshev,N"]
[Result "0-1"]
[WhiteElo "2392"]
[BlackElo "2263"]

1.d4 Nf6 2.c4 e6 3.Nc3 Bb4 4.Nf3 c5 5.g3 b6 6.Bg2 Bb7 7.O-O cxd4 8.Qxd4 Nc6
9.Qd3 O-O 10.Bf4 Rc8 11.Bd6 Re8 12.Rfd1 Bxc3 13.Qxc3 Na5 14.b3 Ne4 15.Qd3 b5
16.c5 b4 17.a3 Nxc5 18.Bxc5 Rxc5 19.Qxd7 Qxd7 20.Rxd7 Nxb3 21.axb4 Rd5 22.Rxd5 Bxd5
23.Rxa7 f6 24.Ne1 Bxg2 25.Kxg2 Rb8 26.Nd3 Nd4 27.e3 Nc6 28.Rd7 e5 29.Nc5 Nxb4
30.Ne6 g6 31.Rg7+ Kh8 32.Rf7 Kg8 33.Rg7+ Kh8 34.Rd7 Re8 35.Nc5 f5 36.g4 Nc6
37.Rc7 Nb4 38.g5 e4 39.h4 f4 40.Rd7 fxe3 41.fxe3 Re5 42.Nb7 Nc2 43.Nd6 Rd5
44.Kg3 Nxe3 45.Kf4 Ng2+ 46.Kg3 Ne3 47.Kf4 Ng2+ 48.Kxe4 Ra5 49.Ne8 Ra4+ 50.Kd5 Rxh4
51.Nf6 Nf4+ 52.Ke5 Nh3 53.Ne4 Rf4 54.Nd6 Kg8 55.Ra7 Rf8 56.Nc4 Rf5+ 57.Kd4 Nxg5
58.Nd6 Rf8 59.Nc4 Rf7 60.Ra8+ Kg7 61.Nd6 Rd7 62.Kc5 h5 63.Ne8+ Kf7 64.Nd6+ Ke7
65.Re8+ Kf6 66.Re1 Ne6+ 67.Kd5 Nf4+ 68.Kc6 Re7 69.Ne8+ Kf7 70.Nd6+ Kf8 71.Rf1 g5
72.Rg1 Re5 73.Nc4 Re6+ 74.Kd7 Rg6 75.Ne5 Rg7+ 76.Kd6 Kg8 77.Nd7 g4 78.Ke5 Nd3+
79.Ke6 Kh7  0-1

[Event "World Youth U16 Ol"]
[Site "Kocaeli TUR"]
[Date "2011.10.27"]
[Round "6.4"]
[White "Koksal,E"]
[Black "Meylan,A"]
[Result "1/2-1/2"]
[WhiteElo "1993"]
[BlackElo "2022"]

1.d4 e6 2.c4 Nf6 3.Nc3 Bb4 4.Nf3 O-O 5.Bg5 d5 6.e3 c5 7.cxd5 exd5 8.Be2 h6
9.Bxf6 Qxf6 10.O-O Be6 11.Rc1 c4 12.b3 Bxc3 13.Rxc3 b5 14.bxc4 bxc4 15.Ne5 Qd8
16.Bf3 Qa5 17.Qc1 Nd7 18.Nc6 Qb5 19.Ne7+ Kh8 20.e4 dxe4 21.Bxe4 Rae8 22.Nc6 a6
23.Bf3 Nb6 24.Rd1 Bd5 25.Ne5 Bxf3 26.Rxf3 Qd5 27.Qa3 Kg8 28.Qxa6 Rxe5 29.Qxb6 Rfe8
30.h3 Rg5 31.Kh2 Re6 32.Qb8+ Kh7 33.Rg3 c3 34.Qb3 Qxb3 35.axb3 Rxg3 36.Kxg3 Rb6
37.Rc1 Rxb3 38.Kf3 Kg6 39.Ke4 Kf6 40.Kd3 Rb2 41.Rc2 Rb6 42.Rxc3 Ke6 43.Ke4 f5+
44.Ke3 Kd5 45.Rc5+ Ke6 46.d5+ Ke5 47.f4+ Kd6 48.Kd4 Rb2 49.Rc6+ Ke7 50.Ke5 Rxg2
51.d6+ Ke8 52.Rc8+ Kd7 53.Rc7+ Ke8 54.Kxf5 g5 55.Re7+ Kd8 56.Rh7 gxf4 57.Kxf4 Rg6
58.Ke5 Rg5+ 59.Ke6 Rg6+ 60.Kd5 Rg1 61.Rxh6 Rd1+ 62.Ke6 Re1+ 63.Kf7 Kd7 64.h4 Rf1+
65.Kg7 Rg1+ 66.Kh8 Rg4 67.h5 Rg5 68.Kh7 Kc6 69.Kh8 Kd7 70.Rh7+ Kxd6 71.h6 Rg6  1/2-1/2

[Event "World Youth U16 Ol"]
[Site "Kocaeli TUR"]
[Date "2011.10.29"]
[Round "8.2"]
[White "Ozdover,M"]
[Black "Emiroglu,C"]
[Result "1/2-1/2"]
[WhiteElo "1876"]
[BlackElo "2242"]

1.d4 Nf6 2.c4 e6 3.Nf3 Bb4+ 4.Nc3 O-O 5.e3 d5 6.Bd3 dxc4 7.Bxc4 c5 8.O-O cxd4
9.exd4 Nc6 10.Re1 b6 11.a3 Be7 12.d5 exd5 13.Nxd5 Nxd5 14.Bxd5 Bb7 15.Bf4 Bf6
16.Rc1 Na5 17.Bxb7 Nxb7 18.Be5 Bxe5 19.Nxe5 Nc5 20.b4 Ne6 21.Qg4  1/2-1/2

[Event "TCh-NED Meesterklasse 2011-12"]
[Site "Netherlands NED"]
[Date "2011.10.29"]
[Round "2.5"]
[White "Goossens,E"]
[Black "De Groote,E"]
[Result "1/2-1/2"]
[WhiteElo "2219"]
[BlackElo "2297"]

1.d4 Nf6 2.c4 e6 3.Nc3 Bb4 4.Nf3 d5 5.cxd5 exd5 6.Bg5 Nbd7 7.e3 c5 8.Bd3 Qa5
9.Qc2 c4 10.Bf5 O-O 11.O-O Re8 12.Nd2 g6 13.Bh3 Kg7 14.Bh4 Nb6 15.Bxc8 Raxc8
16.Rac1 Rc6 17.Rfe1 Bxc3 18.bxc3 Na4 19.e4 dxe4 20.Bxf6+ Rxf6 21.Nxc4 Qa6
22.Ne3 Rb6 23.Rb1 Qd3 24.Rxb6 Qxc2 25.Nxc2 axb6 26.c4 Rc8 27.Na3 f5 28.f3 Nc3
29.Re3 Nxa2 30.fxe4 fxe4 31.Rxe4 Rc7 32.Re3 Nb4 33.Rb3 Nc6 34.d5 Ne5 35.Rxb6 Rf7
36.h4 h5 37.d6 Kh6 38.Kh2 Kg7 39.Kg1 Kf6 40.Kh2 Ke6 41.c5 Rd7 42.Rb3 Kd5
43.Rc3 Rd8 44.Nb5 Nd7 45.Nc7+ Kc6 46.Ne6 Rg8 47.Rb3 Nxc5 48.Nxc5 Kxc5 49.Rxb7 Kxd6  1/2-1/2

[Event "II Latin American Cup"]
[Site "Montevideo URU"]
[Date "2011.11.04"]
[Round "5.21"]
[White "Fabian,G"]
[Black "Ulaneo,N"]
[Result "1-0"]
[WhiteElo "2352"]
[BlackElo "2106"]

1.d4 Nf6 2.c4 e6 3.Nc3 Bb4 4.Nf3 O-O 5.Bg5 h6 6.Bh4 c5 7.d5 b5 8.dxe6 fxe6
9.cxb5 Qa5 10.Qc2 Nd5 11.Rc1 Qxa2 12.e4 Nf6 13.Nd2 Bxc3 14.Qxc3 Bb7 15.Bxf6 Rxf6
16.Nb3 d5 17.Nxc5 Bc8 18.Nb3 Bb7 19.Ra1 d4 20.Qc2  1-0

[Event "1st Novara Open A"]
[Site "Novara ITA"]
[Date "2011.11.05"]
[Round "2"]
[White "Gagliardi,Ch"]
[Black "Petkov,V"]
[Result "0-1"]
[WhiteElo "2261"]
[BlackElo "2542"]

1.d4 Nf6 2.Nf3 e6 3.c4 Bb4+ 4.Nc3 b6 5.g3 Ba6 6.Qb3 c5 7.dxc5 bxc5 8.a3 Ba5
9.Bd2 Nc6 10.Bg2 Rb8 11.Qa2 O-O 12.O-O d5 13.b3 Nd4 14.Nxd4 cxd4 15.Nb1 Ne4
16.Bb4 Re8 17.Qc2 Bb7 18.Bxa5 Qxa5 19.b4 Qa6 20.Bxe4 dxe4 21.e3 Red8 22.Re1 dxe3
23.Rxe3 Rd4 24.Nd2 Rbd8 25.b5 Qd6 26.Nb3 Rd3 27.c5 Qe5 28.Rae1 Rxe3 29.Rxe3 Bd5
30.Qc3 Qh5 31.Na5 Rc8 32.c6 f5 33.Nb7 f4 34.gxf4 Qg4+ 35.Kh1 Qxf4 36.Qe1 a6
37.a4 axb5 38.axb5 Bc4 39.Qd2 Ra8 40.Kg2 Qg5+  0-1

[Event "1st Novara Open A"]
[Site "Novara ITA"]
[Date "2011.11.05"]
[Round "3"]
[White "Petkov,V"]
[Black "Vezzosi,P"]
[Result "1-0"]
[WhiteElo "2542"]
[BlackElo "2321"]

1.d4 Nf6 2.c4 e6 3.Nc3 Bb4 4.Nf3 b6 5.Bg5 Bb7 6.Nd2 h6 7.Bh4 c5 8.d5 exd5
9.cxd5 g5 10.Bg3 Nxd5 11.Nce4 O-O 12.Nd6 Bc6 13.a3 Ba5 14.Qc2 Qf6 15.O-O-O Bxd2+
16.Rxd2 Nf4 17.h4 Ne6 18.hxg5 Nxg5 19.e4 b5 20.e5  1-0

[Event "1st Panama Open"]
[Site "Panama City PAN"]
[Date "2011.11.05"]
[Round "6.9"]
[White "Alvarez Pedraza,A"]
[Black "Uribe,M"]
[Result "1-0"]
[WhiteElo "2565"]
[BlackElo "2348"]

1.d4 e6 2.c4 Nf6 3.Nf3 Bb4+ 4.Nc3 b6 5.e3 Bb7 6.Bd3 Ne4 7.O-O Bxc3 8.bxc3 f5
9.Ne1 O-O 10.f3 Nd6 11.a4 Nc6 12.Ba3 Rf6 13.c5 Nf7 14.Ra2 d6 15.cxd6 cxd6
16.e4 f4 17.g4 Rc8 18.h4 Rh6 19.Ng2 Na5 20.g5 Rh5 21.Qe1 e5 22.dxe5 dxe5
23.Rd2 Qe8 24.Bb5 Bc6 25.Ba6 Rb8 26.Bd6 Rd8 27.Bb4 g6 28.Rxd8 Qxd8 29.Qa1 h6
30.Rd1 Qe8 31.gxh6 Rxh6 32.Bxa5 bxa5 33.Bc4 Kg7 34.Qa3 Qf8 35.Qxf8+ Kxf8
36.Bxf7 Kxf7 37.Rd6 Bxa4 38.Ra6 Bb3 39.Rxa5 Kf6 40.Ne1 Rh7 41.Nd3 Rc7 42.Nxe5 Be6
43.c4 Rh7 44.Nd3 Rxh4 45.Ra6 Ke7 46.Rxa7+ Kf6 47.Ra6 Ke7 48.Ne5 Rh6 49.c5 g5
50.Nc6+  1-0

[Event "II Latin American Cup"]
[Site "Montevideo URU"]
[Date "2011.11.06"]
[Round "9.35"]
[White "Garcia Silveira,L"]
[Black "Pazdur,M"]
[Result "1-0"]
[WhiteElo "2053"]
[BlackElo "2230"]

1.c4 Nf6 2.Nc3 e6 3.d4 Bb4 4.Nf3 O-O 5.e3 c5 6.Bd3 d5 7.O-O Nc6 8.a3 Bxc3
9.bxc3 Qc7 10.cxd5 exd5 11.h3 c4 12.Bc2 Re8 13.Nd2 Bd7 14.Qf3 Rad8 15.e4 Nxe4
16.Nxe4 dxe4 17.Bxe4 Qd6 18.Bg5 Rc8 19.Rfe1 b6 20.Re3 Ne7 21.Rae1 Ng6 22.h4 h6
23.h5 Nf8 24.Bf4 Qf6 25.Bb7 Rxe3 26.fxe3 Re8 27.e4 Qh4 28.Bg3 Qg5 29.Rf1 Qe7
30.Bd5 Be6 31.Bc6 Bd7 32.Bh4 f6 33.e5 Bxc6 34.Qxc6 Nd7 35.Qxc4+ Kh8 36.exf6 Nxf6
37.Bxf6 gxf6 38.Qd3 Qe3+ 39.Qxe3 Rxe3 40.Rf3 Re1+ 41.Kf2 Ra1 42.Rxf6 Kg7
43.Rg6+ Kh7 44.Rc6 Rxa3 45.d5 Ra5 46.c4 Kg7 47.Ke3 Ra1 48.Kd4 a5 49.Rxb6 a4
50.Ra6 a3 51.Ke5 a2 52.Ra7+ Kf8 53.Kd6 Rc1 54.Rxa2 Rxc4 55.Rf2+ Ke8 56.Rf6 Rc2
57.g4 Ra2 58.Ke6 Re2+ 59.Kf5 Rf2+ 60.Kg6 Rg2 61.Rf4 Rd2 62.Kxh6 Rxd5 63.g5  1-0

[Event "US Chess League 2011 Playoff"]
[Site "ICC INT"]
[Date "2011.11.09"]
[Round "1"]
[White "Bartholomew,J"]
[Black "Bartell,T"]
[Result "1-0"]
[WhiteElo "2437"]
[BlackElo "2354"]

1.d4 Nf6 2.c4 e6 3.Nc3 Bb4 4.Nf3 b6 5.e3 O-O 6.Bd3 Bb7 7.O-O c5 8.Na4 cxd4
9.exd4 Be7 10.Re1 d5 11.Nc3 dxc4 12.Bxc4 Nbd7 13.Bf4 Rc8 14.Qb3 Nh5 15.Bg3 Nxg3
16.hxg3 Qc7 17.Bxe6 fxe6 18.Rxe6 Rxf3 19.gxf3 Kf8 20.Rae1 Re8 21.Nb5 Qd8
22.Nxa7 Nf6 23.Nc6 Bxc6 24.Rxc6 Qxd4 25.Qxb6 Qd5 26.a4 Qxf3 27.Rce6 Qd5 28.Qc7 Bd6
29.Rxe8+ Nxe8 30.Qd8  1-0

[Event "Max Euwe Mem Gp1"]
[Site "Amsterdam NED"]
[Date "2011.11.14"]
[Round "1"]
[White "Olafsson,F"]
[Black "Van der Sterren,P"]
[Result "1/2-1/2"]
[WhiteElo "2428"]
[BlackElo "2514"]

1.d4 Nf6 2.c4 e6 3.Nc3 Bb4 4.Nf3 c5 5.e3 O-O 6.Bd3 d5 7.O-O dxc4 8.Bxc4 cxd4
9.exd4 b6 10.Bg5 Bb7 11.Qd3 Be7 12.Rfe1 Nc6 13.a3 Rc8 14.Rad1 Re8 15.h4 Na5
16.Bb5 Bc6 17.Ba6 Bb7 18.Bxb7 Nxb7 19.Ne5 Nd5 20.Bxe7  1/2-1/2

[Event "WYCC U14 Girls"]
[Site "Caldas Novas BRA"]
[Date "2011.11.18"]
[Round "1"]
[White "Perez,Da"]
[Black "Monnisha,G"]
[Result "0-1"]
[WhiteElo "1711"]
[BlackElo "1992"]

1.d4 Nf6 2.c4 e6 3.Nc3 Bb4 4.Nf3 d5 5.Bd2 O-O 6.e3 b6 7.cxd5 exd5 8.Bd3 Nbd7
9.O-O Bb7 10.Rc1 Bxc3 11.bxc3 c5 12.c4 cxd4 13.Nxd4 Ne5 14.Bb4 Re8 15.c5 Nxd3
16.Qxd3 a5 17.Ba3 bxc5 18.Rxc5 Ne4 19.Rc2 Ba6 20.Nb5 Rb8 21.Rb1 Qd7 22.Rcb2 Rec8
23.Rb3 h6 24.f3 a4 25.Rb4 Nc5 26.Qf1 Ne6 27.R1b2 Nc7 28.Qb1 Nxb5 29.Qe1 Rb7
30.Rxa4 Nxa3 31.Rxb7 Qxa4 32.Ra7 Nb5 33.Re7 Qa3 34.Qh4 Qc1+ 35.Kf2 Rc2+ 36.Kg3 Qe1+  0-1

[Event "Malta Open"]
[Site "Bugibba MLT"]
[Date "2011.11.20"]
[Round "1.4"]
[White "Van Foreest,Lucas"]
[Black "Brynell,S"]
[Result "0-1"]
[WhiteElo "1919"]
[BlackElo "2486"]

1.d4 e6 2.c4 Nf6 3.Nc3 Bb4 4.Nf3 b6 5.Bg5 h6 6.Bh4 g5 7.Bg3 Ne4 8.Qc2 Bb7
9.Be5 Rg8 10.Nd2 Bxc3 11.bxc3 f5 12.e3 d6 13.Bg3 Qf6 14.f3 Nxd2 15.Kxd2 Nc6
16.Bd3 O-O-O 17.a4 Na5 18.e4 f4 19.Bf2 g4 20.Rhg1 Rg7 21.Ke2 Rdg8 22.h3 gxh3
23.gxh3 Rxg1 24.Rxg1 Rxg1 25.Bxg1 Qh4 26.c5 Qxh3 27.cxd6 cxd6 28.c4 Qg2+
29.Bf2 Nc6 30.Qc3 e5 31.dxe5 Nxe5 32.Bc2 Ba6 33.Bb3 h5 34.Ke1 Nxf3+ 35.Ke2 Ne5
36.Ke1 Qxe4+ 37.Kf1 Bxc4+ 38.Kg1 Nf3+  0-1

[Event "TCh-ESP CECLUB Div Honor 2011"]
[Site "Melilla ESP"]
[Date "2011.11.21"]
[Round "1"]
[White "Edouard,R"]
[Black "Rivas Pastor,M"]
[Result "1/2-1/2"]
[WhiteElo "2621"]
[BlackElo "2556"]

1.d4 Nf6 2.c4 e6 3.Nf3 Bb4+ 4.Nc3 b6 5.e3 Bxc3+ 6.bxc3 d6 7.Bd3 Qe7 8.Nd2 Nc6
9.O-O e5 10.Ne4 Na5 11.f4 Nxe4 12.Bxe4 c6 13.fxe5 dxe5 14.Qc2 h6 15.a4 Qc7
16.c5 Be6 17.c4 Nxc4 18.Bd3 b5 19.axb5 cxb5 20.Be4 Rd8 21.Qb1 O-O 22.Qxb5 exd4
23.exd4 Rxd4 24.Bf4 Qd8 25.Rae1 Nd2 26.Bxd2 Rxd2 27.Kh1 Qd4 28.Rg1 Bd5 29.Bxd5 Qxd5
30.Ra1 Rc8 31.Rxa7 Rxc5 32.Qe8+ Kh7 33.Qxf7 Rxg2 34.Qxd5 Rxg1+ 35.Kxg1 Rxd5
36.Kg2 Kg6 37.Ra3 Rg5+ 38.Kh3 Kh5 39.Rb3 Rg1 40.Rb5+ Rg5 41.Rb3 Re5 42.Rg3 g5
43.Ra3 Re4 44.Rb3 Rh4+ 45.Kg2 Rg4+ 46.Kh3 Rg1 47.Rb4 g4+ 48.Rxg4 Rxg4  1/2-1/2

[Event "XII Puhajarve Handicap"]
[Site "Puhajarve EST"]
[Date "2011.11.25"]
[Round "18"]
[White "Ehlvest,J"]
[Black "Miezis,N"]
[Result "1-0"]
[WhiteElo "2594"]
[BlackElo "2547"]

1.d4 Nf6 2.Nf3 e6 3.c4 Bb4+ 4.Nc3 c5 5.g3 O-O 6.Bg2 cxd4 7.Nxd4 Nc6 8.O-O d5
9.cxd5 exd5 10.Bg5 Be7 11.e3 Be6 12.Nxe6 fxe6 13.Bh3 Qd7 14.e4 d4 15.Qb3 Nd8
16.Rad1 Bc5 17.e5 Ne8 18.Bxd8 Qxd8 19.Na4 Be7 20.Qc4 Kh8 21.Rxd4 Qa5 22.Qxe6 Bb4
23.a3 Be1 24.b4 Qxa4 25.Rxe1 Nc7 26.Qd7 Nb5 27.Rg4 Rg8 28.Bf1 a6 29.Bxb5 axb5
30.e6 Qxa3 31.e7 Rae8 32.Rge4 b6 33.Qxb5 Qa7 34.h4 h6 35.Re6 Qc7 36.Qe5 Qxe5
37.R1xe5 g6 38.Rxb6 Kg7 39.Ree6 Kf7 40.Rf6+ Kxe7 41.Rxg6 Rxg6 42.Rxg6 Rh8
43.h5 Kf7 44.b5 Ra8 45.Rxh6  1-0

[Event "25th Belgrade Trophy"]
[Site "Obrenovac SRB"]
[Date "2011.11.27"]
[Round "4.26"]
[White "Dunjic,D"]
[Black "Menkinoski,R"]
[Result "0-1"]
[WhiteElo "2123"]
[BlackElo "2349"]

1.d4 Nf6 2.c4 e6 3.Nf3 Bb4+ 4.Nc3 b6 5.g3 Ba6 6.Qb3 c5 7.d5 exd5 8.cxd5 Ne4
9.Qc2 Qe7 10.Be3 d6 11.Bg2 O-O 12.O-O Bxc3 13.bxc3 Bc4 14.Rad1 Re8 15.Nd2 Nxd2
16.Qxd2 Nd7 17.Rfe1 Ne5 18.f3 Ba6 19.Bf2 Nc4 20.Qd3 b5 21.Rc1 Ne3 22.Bh3 c4
23.Qxe3 Qxe3 24.Bxe3 Rxe3 25.Kf2 Rae8 26.Be6 Re5 27.f4 Rh5 28.Bd7 Re7 29.Bc6 Rxh2+
30.Kf3 h5 31.e4 Bc8 32.Bxb5 Bh3 33.Ke3 Bg2 34.Kd4 Bxe4 35.Kxc4 Rxa2 36.Bc6 g6
37.Kb4 Rb2+ 38.Ka3 Rg2 39.Re3 Kf8 40.Rce1 f5 41.c4 Rh7 42.Rb3 Rf7 43.Rb8+ Kg7
44.Re3 h4 45.gxh4 Rg4 46.Rd8 Rf6 47.Rd7+ Kh6 48.h5 gxh5 49.Rxa7 Rxf4 50.Kb4 h4
51.Kb5 Rf1 52.Kb6 Rb1+ 53.Bb5 Kg5 54.Rh7 Rh1 55.Rg7+ Kf4 56.Rc3 Ke5 57.c5 Kd4
58.c6 Kxc3 59.c7 Rf8 60.Rf7 Ra8 61.Bc6 Rb1+ 62.Bb5 Kd4 63.Rd7 Rc1  0-1

[Event "Vizag GM Open"]
[Site "Visakhapatnam IND"]
[Date "2011.11.28"]
[Round "8"]
[White "Petrosian,TL"]
[Black "Minhazuddin,A"]
[Result "1-0"]
[WhiteElo "2636"]
[BlackElo "2388"]

1.d4 Nf6 2.Nf3 e6 3.c4 Bb4+ 4.Nc3 b6 5.Qc2 Bb7 6.a3 Bxc3+ 7.Qxc3 Ne4 8.Qc2 O-O
9.g3 f5 10.Bg2 c5 11.O-O d5 12.Rd1 Nd7 13.b3 Rc8 14.dxc5 bxc5 15.e3 Qb6 16.Bb2 Ba8
17.Rab1 Rb8 18.Ne5 Rfd8 19.f3 Nef6 20.Bc3 Qc7 21.Qb2 Nb6 22.Qa2 Qe7 23.a4 Nbd7
24.Qa1 Nxe5 25.Bxe5 Rb7 26.Qc3 Rbd7 27.Qa5 Kf7 28.h4 Rc8 29.Rbc1 Qd8 30.Qe1 Qb6
31.Qc3 Rcd8 32.a5 Qa6 33.Bxf6 gxf6 34.cxd5 Bxd5 35.e4 fxe4 36.fxe4 Bb7 37.Rf1 e5
38.Qxe5 Re7 39.Qh5+ Kg7 40.Rf4 Rde8 41.Rcf1  1-0

[Event "X Mario Covas"]
[Site "Santos BRA"]
[Date "2011.11.30"]
[Round "7.2"]
[White "Coelho,L"]
[Black "Mareco,S"]
[Result "0-1"]
[WhiteElo "2392"]
[BlackElo "2583"]

1.d4 Nf6 2.c4 e6 3.Nc3 Bb4 4.Nf3 O-O 5.Bg5 c5 6.Rc1 cxd4 7.Nxd4 h6 8.Bh4 a6
9.e3 b6 10.Be2 Bb7 11.O-O Be7 12.Qc2 d6 13.Rfd1 Nbd7 14.e4 Rc8 15.Bg3 Qc7
16.a4 Qb8 17.Kh1 Rfe8 18.b3 Qa8 19.f3 Ne5 20.Re1 Ng6 21.Bf1 h5 22.h3 h4 23.Bh2 Nh5
24.Qd2 Rcd8 25.Rcd1 Qc8 26.Nde2 Nf6 27.Nd4 Nd7 28.Bd3 Qc5 29.Bc2 Bg5 30.f4 Bf6
31.e5 dxe5 32.Nxe6 fxe6 33.Bxg6 Nf8 34.Qc2 Nxg6 35.Qxg6 exf4 36.Nd5 Bxd5
37.cxd5 f3 38.gxf3 Qc3 39.Qh5 e5 40.Qg4 Qxb3 41.Qe4 b5 42.axb5 axb5 43.Rd3 Qc4
44.Rb1 Re7 45.Bg1 Rb7 46.Be3 Qc8 47.Qg4 Qxg4 48.hxg4 b4 49.g5 Be7 50.Rbd1 b3
51.Rb1 b2 52.Rd2 Ba3 53.Kg2 Rb5 54.d6 Rxd6 55.Rc2 Rb3 56.Bd2 Kf7 57.Be1 Rbd3
58.Rbxb2 Bxb2 59.Rxb2 R6d4 60.Re2 Ke6  0-1

[Event "Vizag GM Open"]
[Site "Visakhapatnam IND"]
[Date "2011.11.30"]
[Round "10"]
[White "Swayams,M"]
[Black "Satyapragyan,S"]
[Result "1/2-1/2"]
[WhiteElo "2386"]
[BlackElo "2436"]

1.d4 Nf6 2.c4 e6 3.Nc3 Bb4 4.Nf3 b6 5.e3 Bb7 6.Bd3 c5 7.O-O O-O 8.Na4 cxd4
9.exd4 Be7 10.Bf4 d6 11.Rc1 Nbd7 12.Qe2 Re8 13.Bb1 Rc8 14.Rfd1 Bf8 15.Bg5 h6
16.Bh4 Qc7 17.b3 b5 18.Nb2 bxc4 19.bxc4 Qa5 20.Nd2 Qh5  1/2-1/2

[Event "CCSCSL Invitational"]
[Site "Saint Louis USA"]
[Date "2011.12.02"]
[Round "6.2"]
[White "Kacheishvili,G"]
[Black "Arnold,Mar"]
[Result "1-0"]
[WhiteElo "2590"]
[BlackElo "2504"]

1.d4 Nf6 2.c4 e6 3.Nc3 Bb4 4.Nf3 c5 5.g3 Ne4 6.Bd2 Nxd2 7.Qxd2 cxd4 8.Nxd4 a6
9.Bg2 Qc7 10.Rc1 O-O 11.O-O Be7 12.c5 Qxc5 13.Nd5 Qd6 14.Rxc8 Rxc8 15.Nxe7+ Qxe7
16.Bxb7 Nc6 17.Nxc6 dxc6 18.Bxa8 Rxa8 19.Rc1 Qb7 20.Rc5 h6 21.b3 Rc8 22.h4 Qb6
23.Qd7 Qc7 24.Qd3 Qb6 25.Qc4 a5 26.e3 Kf8 27.h5 Ke7 28.Qc1 Ke8 29.Kh2 Rc7
30.Qc3 Qb4 31.Qe5 Kd7 32.Rc4 f6 33.Rd4+  1-0

[Event "XXXII Crespi Memorial"]
[Site "Milan ITA"]
[Date "2011.12.03"]
[Round "1"]
[White "Colovic,A"]
[Black "Gori,A"]
[Result "1-0"]
[WhiteElo "2451"]
[BlackElo "2087"]

1.d4 Nf6 2.c4 e6 3.Nc3 Bb4 4.Nf3 O-O 5.Bg5 h6 6.Bh4 g5 7.Bg3 Ne4 8.Qc2 f5
9.e3 b6 10.Bd3 Bb7 11.d5 exd5 12.O-O-O Bxc3 13.bxc3 Qe7 14.Kb2 d6 15.cxd5 Bxd5
16.Nd4 Nc6 17.Nxc6 Bxc6 18.f3 Nc5 19.h4 Ba4 20.Bc4+ Kg7 21.Bb3 Bc6 22.hxg5 hxg5
23.Bf2 Nxb3 24.axb3 Qe6 25.e4 Kg6 26.Bd4 fxe4 27.Rh3 Bd7 28.Rdh1 Kf7 29.Rh6 Qf5
30.fxe4 Qf4 31.Rf6+ Qxf6 32.Bxf6 Kxf6 33.e5+ dxe5 34.Qh7 e4 35.Qxd7 Rae8
36.g4 Ke5 37.Qxc7+ Kd5 38.Rd1+ Ke6 39.Rd6+ Ke5 40.Rg6+  1-0

[Event "London Classic FIDE Open"]
[Site "London ENG"]
[Date "2011.12.05"]
[Round "3"]
[White "Bass,J"]
[Black "Richardson,Joh"]
[Result "0-1"]
[WhiteElo "2071"]
[BlackElo "2331"]

1.d4 Nf6 2.c4 e6 3.Nc3 Bb4 4.Nf3 d5 5.Bg5 O-O 6.e3 c5 7.a3 Bxc3+ 8.bxc3 h6
9.Bxf6 Qxf6 10.Bd3 dxc4 11.Bxc4 Nc6 12.Bb5 Rd8 13.O-O Bd7 14.Qe2 a6 15.Bxc6 Bxc6
16.Ne5 Bb5 17.c4 Ba4 18.Rab1 b5 19.Nd3 cxd4 20.Ne5 d3 21.Nxd3 bxc4 22.Nc5 Bc6
23.Qxc4 Bb5 24.Rxb5 axb5 25.Qxb5 Qe5 26.Qb4 Rab8  0-1

[Event "London Classic FIDE Open"]
[Site "London ENG"]
[Date "2011.12.06"]
[Round "4"]
[White "Buckley,G"]
[Black "Osborne,M"]
[Result "1-0"]
[WhiteElo "2383"]
[BlackElo "2246"]

1.d4 Nf6 2.Nf3 e6 3.c4 Bb4+ 4.Nc3 c5 5.e3 Nc6 6.Bd3 Bxc3+ 7.bxc3 d6 8.e4 e5
9.h3 h6 10.O-O O-O 11.Re1 Qa5 12.Bd2 Qc7 13.Rb1 Ne7 14.Qc1 Ng6 15.Nh2 Be6
16.Nf1 cxd4 17.cxd4 Nh5 18.Ne3 Nhf4 19.Bf1 Rac8 20.d5 Bd7 21.Nf5 Qb8 22.Qa3 Bxf5
23.exf5 Nh8 24.Qf3 g6 25.g3 Nh5 26.f6 Rfe8 27.Re4 Kh7 28.Bd3 Rc5 29.Rh4 e4
30.Qe3 g5 31.Rxh5 Re5 32.Bxe4+ Ng6 33.Bc3 Re8 34.Qxg5  1-0

[Event "13th Metropolitan GM"]
[Site "Los Angeles USA"]
[Date "2011.12.07"]
[Round "1"]
[White "Georgiev,Vl"]
[Black "Kekelidze,M"]
[Result "1/2-1/2"]
[WhiteElo "2553"]
[BlackElo "2443"]

1.d4 Nf6 2.c4 e6 3.Nc3 Bb4 4.Nf3 c5 5.e3 O-O 6.Bd3 d5 7.O-O cxd4 8.exd4 dxc4
9.Bxc4 b6 10.Bg5 Bb7 11.Qe2 Bxc3 12.bxc3 Nbd7 13.Rac1 Qc7 14.Bd3 Ng4 15.Be4 Bxe4
16.Qxe4 Ngf6 17.Qe2 h6 18.Bh4 Rfc8 19.c4 Qb7 20.Rfe1 Qa6 21.Bxf6 Nxf6 22.Ne5 Rc7
23.Rc3 Rd8 24.Rd3 Qa4 25.Qb2 Qe8 26.Rg3 Nh5 27.Rge3 f6 28.Nd3 Rxc4 29.Rxe6 Qd7
30.Qb3 Qa4 31.Qb1 Rcxd4 32.Nb2 Qd7 33.g3 Rd6 34.Rxd6 Qxd6 35.Qg6 Qb4 36.Nd3 Qb5
37.h4 Kf8 38.Re3 Rd4 39.Ne5 Rd1+ 40.Kh2 fxe5 41.Qxh5 Rh1+ 42.Kg2 Qf1+ 43.Kf3 Qd1+
44.Re2 Qd5+ 45.Kg4 Qc4+ 46.Kf3 Qd5+ 47.Kg4  1/2-1/2

[Event "13th Metropolitan GM"]
[Site "Los Angeles USA"]
[Date "2011.12.08"]
[Round "3"]
[White "Georgiev,Vl"]
[Black "Molner,M"]
[Result "1-0"]
[WhiteElo "2553"]
[BlackElo "2455"]

1.d4 Nf6 2.c4 e6 3.Nc3 Bb4 4.Nf3 c5 5.a3 Bxc3+ 6.bxc3 O-O 7.Bg5 h6 8.Bxf6 Qxf6
9.e4 d6 10.e5 dxe5 11.dxe5 Qe7 12.Bd3 Rd8 13.Qe2 Nd7 14.h4 Nf8 15.Rh3 Bd7
16.Be4 Rab8 17.Rg3 b5 18.Kf1 a5 19.Qe3 Kh8 20.Nh2 Ng6 21.Ng4 Qxh4 22.Kg1 Qg5
23.Nxh6 Qxh6 24.Rh3 Nh4 25.f4 Kg8 26.Qf2 g6 27.Rxh4 Qf8 28.Qg3 bxc4 29.Qh2 Qg7
30.Kf2 Rb2+ 31.Kg3 f5 32.Rh1 fxe4 33.Rh7 Qf8 34.Rh8+ Kf7 35.Qh7+  1-0

[Event "XXXII Crespi Memorial"]
[Site "Milano ITA"]
[Date "2011.12.09"]
[Round "8"]
[White "Colovic,A"]
[Black "Kosic,D"]
[Result "1/2-1/2"]
[WhiteElo "2451"]
[BlackElo "2502"]

1.d4 Nf6 2.c4 e6 3.Nc3 Bb4 4.Nf3 c5 5.e3 cxd4 6.exd4 d5 7.cxd5 Nxd5 8.Bd2 Nc6
9.Bd3 Be7 10.O-O O-O  1/2-1/2